000 01415nam a22003015a 4500
003 OSt
005 20180304140533.0
008 180304s1996 xxu frb 000 0 ara d
017 _a96 / 3097
040 _aEG-ScBUE
_bara
_cEG-ScBUE
041 1 _aara
_heng
043 _an-us---
_aa-le---
082 0 4 _a355.34320973
_bك و د
_222
100 1 _aكودارد، دونالد.
_929694
245 1 0 _aفي قبضة الأخطبوط :
_bمن بيروت إلى لوكربي : خفايا المخابرات العسكرية الأمريكية /
_cدونالد كودارد، ليستر نوكس كولمان ؛ الترجمة والتعريب والإعداد مؤسسة آدم للنشر.
250 _aط. 1.
260 _aمالطا ؛
_aلندن :
_bمؤسسة آدم للنشر،
_c1996.
300 _a391 ص. ؛
_c24 سم.
504 _aيشتمل على إرجاعات ببليوجرافية.
546 _aالنص باللغة العربية ؛ مترجم من اللغة الإنجليزية.
650 7 _aالمخابرات العسكرية
_zالولايات المتحدة الأمريكية.
_2BUEsh
650 7 _aالجاسوسية
_zالولايات المتحدة الأمريكية.
_2BUEsh
651 _2BUEsh
653 _bBUSBOL
_cMarch2018
700 1 _aكولمان، ليستر نوكس.
_929695
710 2 _aمؤسسة آدم للنشر،
_eمترجم،
_eمعرب،
_eمعد.
942 _2ddc
999 _c26218
_d26190